000 01184nam0a22002771 4500
001 rc\707575
005 20031121170716.1
035 _a(NLR Aleph) 005942927
090 _a6698269
_c6698269
100 _a20031121d1985 u |0rusy50 ca
101 0 _arus
102 _aRU
105 _aa |||||||||
200 1 _aУстройство для автоматической аттестации точности позиционирования станков
_fЕ.А. Брескина, К.И. Палк, В.Т. Синоженко
210 _aЛ.
_cЛДНТП
_d1985
215 _a19 с.
_cил.
_d21
225 1 _aСерия "Механизация и автоматизация производственных процессов"
_fЛенингр. Дом науч.-техн. пропаганды
225 1 _aИнтенсифицикация
_f...
700 1 _aБрескина
_bЕ. А.
_gЕлена Абрамовна
701 1 _aПалк
_bК. И.
_gКонстантин Ильич
701 1 _aСиноженко
_bВ. Т.
_gВладимир Трифонович
801 0 _aRU
_bNLR
_gpsbo
801 1 _aRU
_bELAR
_2rusmarc
852 _aNLR
_j85-6/4305
942 _cBOOK
980 _aNB